[Event "30. Staufer-Open (A)"]
[Site "?"]
[Date "2018.01.05"]
[Round "8"]
[White "Kostic, Vladimir"]
[Black "Haselhorst, Helmut"]
[Result "1-0"]
[WhiteElo "2326"]
[BlackElo "2093"]
[PlyCount "139"]
[EventDate "2018.??.??"]
[WhiteTeam "Schachklub München Südost e.V."]
[BlackTeam "Schachclub Steinfurt 1996 e.V."]

1. e4 c6 2. d3 d5 3. Nd2 g6 4. Ngf3 Bg7 5. Be2 e5 6. b3 Ne7 7. Bb2 Nd7 8. O-O
O-O 9. Re1 Re8 10. Bf1 Qc7 11. a4 a5 12. Ra2 b6 13. Ba3 Ba6 14. g3 Rad8 15. Bg2
d4 16. Nc4 c5 17. Bc1 h6 18. Nh4 Nf8 19. f4 Nc6 20. Nxe5 Nxe5 21. fxe5 Qxe5 22.
Bd2 Qe7 23. Ra1 Bc8 24. Qf3 Nd7 25. Qf1 Ne5 26. h3 Kh7 27. Qf3 Rf8 28. Rf1 Rd6
29. Qe2 Rf6 30. Rae1 Bd7 31. Kh2 Rxf1 32. Rxf1 Rc8 33. Nf3 Rf8 34. Ne1 Be6 35.
Nf3 Bd7 36. Ng1 Be6 37. Qe1 Qd8 38. Ne2 Bd7 39. Nf4 Bc6 40. Rf2 Re8 41. Qf1 Kg8
42. Re2 h5 43. Rf2 Qd6 44. Kg1 Qd8 45. Qc1 Re7 46. Ne2 Ra7 47. Bg5 Qe8 48. Qf1
Rd7 49. Qc1 Ra7 50. Qd2 Rd7 51. Bh6 Bh8 52. Kh2 Rd6 53. Nf4 f6 54. Nd5 g5 55.
Bxg5 fxg5 56. Qxg5+ Kh7 57. Ne7 Bd7 58. Rf4 Bg7 59. Rh4 Rh6 60. Rf4 Ng6 61. Nf5
Bxf5 62. Rxf5 h4 63. e5 Bxe5 64. Be4 Bxg3+ 65. Kg1 Kg7 66. Qf6+ Kh7 67. Rg5 Bc7
68. Kh1 Bd8 69. Bxg6+ Rxg6 70. Rh5+ 1-0

[Event "30. Staufer-Open (A)"]
[Site "?"]
[Date "2018.01.05"]
[Round "8"]
[White "Suvorov, Luca"]
[Black "Wichmann, Cliff"]
[Result "0-1"]
[WhiteElo "2086"]
[BlackElo "2314"]
[PlyCount "66"]
[EventDate "2018.??.??"]
[WhiteTeam "Schachgemeinschaft Porz e.V."]
[BlackTeam "ESV Nickelhütte Aue"]

1. d4 Nf6 2. c4 e6 3. Nf3 d5 4. e3 Be7 5. Nc3 O-O 6. b3 c5 7. dxc5 Bxc5 8. Bb2
Nc6 9. Be2 Qe7 10. O-O Rd8 11. cxd5 exd5 12. Nb5 Ne4 13. Nbd4 Rd6 14. Ne1 Rh6
15. g3 Bh3 16. Ng2 Qd7 17. Nxc6 bxc6 18. Bf3 Ng5 19. e4 dxe4 20. Be2 Qf5 21. g4
Nf3+ 22. Bxf3 Qxf3 23. Qxf3 exf3 24. Rfc1 Bb6 25. Nf4 Bxg4 26. Rc4 Rd8 27. Re1
Rhd6 28. Bc3 Bf5 29. h4 h5 30. Nxh5 Rg6+ 31. Kh1 Bxf2 32. Rf1 Bb6 33. Rf4 Bh3
0-1

[Event "30. Staufer-Open (B)"]
[Site "?"]
[Date "2018.01.05"]
[Round "8"]
[White "Ries, Florian"]
[Black "Dangelmayer, Frank"]
[Result "1/2-1/2"]
[WhiteElo "1952"]
[BlackElo "1974"]
[PlyCount "35"]
[EventDate "2018.??.??"]
[WhiteTeam "SK Dinkelsbühl e.V."]
[BlackTeam "SV Friedrichshafen"]

1. d4 d5 2. Bf4 e6 3. Nf3 Bd6 4. Bxd6 Qxd6 5. Nbd2 Nf6 6. e3 Nbd7 7. Bd3 e5 8.
dxe5 Nxe5 9. Nxe5 Qxe5 10. c3 Bg4 11. Qa4+ c6 12. h3 Bh5 13. Qb4 O-O-O 14. Qd4
Qxd4 15. cxd4 Rhe8 16. O-O Bg6 17. Bxg6 hxg6 18. Rfc1 1/2-1/2

[Event "30. Staufer-Open (B)"]
[Site "?"]
[Date "2018.01.05"]
[Round "8"]
[White "Metz, Berthold"]
[Black "Velichko, Tatiana"]
[Result "0-1"]
[WhiteElo "1824"]
[BlackElo "1905"]
[PlyCount "80"]
[EventDate "2018.??.??"]
[WhiteTeam "SK Freiburg West 1967"]

1. e4 e5 2. f4 Nc6 3. Nc3 d6 4. Nf3 Bg4 5. Bc4 Bxf3 6. Qxf3 Nd4 7. Qf2 Nxc2+ 8.
Kd1 Nxa1 9. fxe5 Qd7 10. Rf1 Nh6 11. h3 dxe5 12. d3 Qd4 13. Be3 Qd7 14. Bxh6 f5
15. Bd2 c6 16. Qxf5 Qxf5 17. Rxf5 h6 18. a3 Be7 19. Kc1 Rf8 20. Nd1 Rxf5 21.
exf5 b5 22. Ba2 Rd8 23. Nf2 Bh4 24. Ne4 Rxd3 25. Nc5 Rd8 26. b4 Bg5 27. Bxg5
hxg5 28. Bb1 Ke7 29. g4 Rd4 30. Kb2 Rd2+ 31. Kxa1 Rh2 32. Be4 Rxh3 33. Bxc6
Rxa3+ 34. Kb2 Rg3 35. Bxb5 Rxg4 36. Kb3 Rf4 37. Bd3 g4 38. Ne4 g3 39. Nc5 g2
40. Ne6 Rf3 0-1

[Event "30. Staufer-Open (B)"]
[Site "?"]
[Date "2018.01.05"]
[Round "8"]
[White "Steiglechner, Julius"]
[Black "Stumpf, Vitalij"]
[Result "1-0"]
[WhiteElo "1895"]
[BlackElo "1515"]
[PlyCount "65"]
[EventDate "2018.??.??"]
[WhiteTeam "SK Horb"]
[BlackTeam "SV Jedesheim 1921"]

1. f4 d5 2. Nf3 c5 3. g3 Nc6 4. Bg2 Nf6 5. O-O g6 6. d3 Bg7 7. c3 O-O 8. Na3 b6
9. Qa4 Bb7 10. e4 Rc8 11. e5 Nd7 12. Ng5 h6 13. Nh3 Ndb8 14. Bd2 a6 15. Rae1 e6
16. Qd1 b5 17. Nc2 Qe7 18. g4 d4 19. Nf2 Rfd8 20. Qe2 Qd7 21. Ne4 dxc3 22. Bxc3
Nd4 23. Nxd4 Bxe4 24. Qxe4 b4 25. Nxe6 Qxe6 26. Bd2 Qxa2 27. Bc1 Qb3 28. f5 Rd4
29. Qb7 Rcd8 30. fxg6 fxg6 31. e6 Rxg4 32. Qf7+ Kh7 33. e7 1-0

[Event "30. Staufer-Open (B)"]
[Site "?"]
[Date "2018.01.05"]
[Round "8"]
[White "Petrashov, Alexander"]
[Black "Weist, Thorsten"]
[Result "1-0"]
[WhiteElo "1992"]
[BlackElo "1813"]
[PlyCount "55"]
[EventDate "2018.??.??"]
[WhiteTeam "SC Noris-Tarrasch Nürnberg 1873"]
[BlackTeam "SV Hellern"]

1. d4 Nf6 2. Nf3 g6 3. Bf4 Bg7 4. c4 d6 5. Nc3 O-O 6. h3 Nbd7 7. Qd2 c5 8. d5
a6 9. e4 Re8 10. Be2 Nf8 11. Rd1 Bd7 12. O-O b5 13. e5 b4 14. Nb1 Ne4 15. Qe3
f5 16. e6 Bc8 17. Nbd2 g5 18. Bxg5 Nxg5 19. Qxg5 Ng6 20. Bd3 Rf8 21. Bxf5 Bxb2
22. Bxg6 hxg6 23. Qxg6+ Bg7 24. Ng5 Rf6 25. Qh7+ Kf8 26. Nde4 Rh6 27. Qf5+ Bf6
28. Nf7 1-0

[Event "30. Staufer-Open (B)"]
[Site "?"]
[Date "2018.01.05"]
[Round "8"]
[White "Sielaff, Rudolf"]
[Black "Meyer, Marcel"]
[Result "1/2-1/2"]
[WhiteElo "1942"]
[BlackElo "1730"]
[PlyCount "49"]
[EventDate "2018.??.??"]
[WhiteTeam "SC Waiblingen"]
[BlackTeam "SJ Herborn 1998"]

1. d4 Nf6 2. Bf4 d5 3. Nf3 c5 4. c3 e6 5. e3 Qb6 6. Qb3 c4 7. Qxb6 axb6 8. a3
Nc6 9. Nbd2 b5 10. Rc1 Nh5 11. Be2 Nxf4 12. exf4 Bd6 13. g3 O-O 14. Ne5 f6 15.
Nxc6 bxc6 16. Nf3 Bd7 17. O-O c5 18. Rcd1 Rf7 19. Rfe1 Re7 20. Bf1 Rae8 21. Bh3
Kf7 22. Rd2 Bb8 23. Rde2 Bd6 24. Rd2 Bb8 25. Rde2 1/2-1/2